=LDR 00000nam 2200000 4500 =001 INLIS000000000034676 =005 20130612140555 =008 ***********************************ind** =035 ##$$0010-061300000034676 =041 ##$$a ind =082 ##$$a 813 =090 ##$$a 813, Umr d =100 ##$$a Umres, Nora =245 ##$$a Dekat di mata jauh di hati, Nora Umnes =260 ##$$a 2006 $b Jakarta =300 ##$$a 271 hlm, 20 cm =650 ##$$a Fiksi Indonesia =850 ##$$a NBPNMAT